• 首页
  • 本馆介绍
  • 公告通知
  • 最新文献
  • 馆藏检索
  • 电子资源
  • 读者导购
  • 参考咨询
  • 我的图书馆
  • 登录
  • 详细信息显示
  • 放入我的书架
  • 预约/预借图书
  • 作者相关作品
  • 分类相关作品
  • 丛书相关作品
  • 出版社相关作品

书目信息

  • 表格格式
  • 工作单格式
  • 卡片格式
题名:
无机化学实验
    
 
作者: ;中山大学 编
分册:  
出版信息: 北京   人民教育出版社  1978
页数: 217页
开本: 19cm
丛书名:
单 册:
中图分类: O61-33
科图分类:
主题词: 无机化学--化学实验--高等学校--教材
电子资源:
ISBN: 13012.0138
000 00677nam0 2200241 450
001 0178006214
005 20100712215450.0
010    @a13012.0138@dCNY0.52
091    @a13012.0138
100    @a20021005d1978 em y0chiy0110 ea
101 0  @achi
102    @aCN@b110000
105    @ay z 000yy
106    @ar
200 1  @a无机化学实验@9Wu;Mo Ji Hua Xue Shi Yan @f中山大学,辽宁大学等校编
210    @a北京@c人民教育出版社@d1978
215    @a217页@d19cm
300    @a高等学校试用教材
606 0  @a无机化学@x化学实验@x高等学校@x教材
690    @aO61-33@v3
711 02 @a中山大学@9zhong shan da xue@4编
801  0 @aCN@bAzMarc@c20130904
905    @aBZT@dO61@e58@f20@sO61/58
    
    无机化学实验/中山大学,辽宁大学等校编.-北京:人民教育出版社,1978
    217页;19cm
    高等学校试用教材
    
    ISBN 13012.0138:CNY0.52
    
●
相关链接 在五车中查询图书 在当当中查询图书 在豆瓣中查询图书


正题名:无机化学实验     索取号:O61/58         预约/预借

序号 登录号 条形码 馆藏地/架位号 状态 备注
1 2000083388   2000083388   旧书回溯/ [索取号:O61/58] 在馆    
2 2000088582   2000088582   旧书回溯/ [索取号:O61/58] 在馆    
3 2000089564   2000089564   旧书回溯/ [索取号:O61/58] 在馆    
4 2000093645   2000093645   旧书回溯/ [索取号:O61/58] 在馆    
5 2000093646   2000093646   旧书回溯/ [索取号:O61/58] 在馆    
6 2000093647   2000093647   旧书回溯/ [索取号:O61/58] 在馆    
7 2000093648   2000093648   旧书回溯/ [索取号:O61/58] 在馆    
8 2000093649   2000093649   旧书回溯/ [索取号:O61/58] 在馆    
9 2000093650   2000093650   旧书回溯/ [索取号:O61/58] 在馆    
10 2000100517   2000100517   旧书回溯/ [索取号:O61/58] 在馆    
11 2000100518   2000100518   旧书回溯/ [索取号:O61/58] 在馆    
12 2000100519   2000100519   旧书回溯/ [索取号:O61/58] 在馆    
13 2000100520   2000100520   旧书回溯/ [索取号:O61/58] 在馆    
14 2000100521   2000100521   旧书回溯/ [索取号:O61/58] 在馆    
15 2000100522   2000100522   旧书回溯/ [索取号:O61/58] 在馆    
16 2000100523   2000100523   旧书回溯/ [索取号:O61/58] 在馆    
17 2000100524   2000100524   旧书回溯/ [索取号:O61/58] 在馆    
18 2000100525   2000100525   旧书回溯/ [索取号:O61/58] 在馆    
19 2000100526   2000100526   旧书回溯/ [索取号:O61/58] 在馆    
20 2000100527   2000100527   旧书回溯/ [索取号:O61/58] 在馆    
山东省滨州职业学院图书馆 欢迎您!
大连网信软件有限公司© 版权所有